Furry Conventions Quiz Stats

Quiz not verified by Sporcle

Challenge
Share
Tweet
Embed
Score 0/11 Timer 02:00
0 Plays Today
Hint Answer % Correct
1stAnthrocon
91.3%
2ndMidwest FurFest
78.3%
Tied 10thConfuzzled
52.2%
4thFurther Confusion
43.5%
7thEurofurence
39.1%
6thTexas Furry Fiesta
39.1%
3rdBiggest Little Fur Con
34.8%
5thFurry Weekend Atlanta
30.4%
8thMegaplex
30.4%
Tied 10thCalifur
21.7%
9thFurpocalypse
21.7%

You're not logged in!

Compare scores with friends on all Sporcle quizzes.
Sign Up with Email
OR
Log In

You Might Also Like...

Show Comments

Extras

Top Quizzes Today


Score Distribution

Your Account Isn't Verified!

In order to create a playlist on Sporcle, you need to verify the email address you used during registration. Go to your Sporcle Settings to finish the process.